Nové poňatie prehľadu peňažných tokov a jeho význam

Vymedzenie možností spracovania prehľadu peňažných tokov. Voľba metód spracovania prehľadu peňažných tokov. Čistá priama metóda, modifikovaná priama metóda, nepriama metóda.

Na minha lista:
Detalhes bibliográficos
Autor principal: Zajko, Otokar
Formato: Capítulo de Livro
Idioma:eslovaco
Assuntos:
Tags: Adicionar Tag
Sem tags, seja o primeiro a adicionar uma tag!

MARC

LEADER 00000naa a2200000 4500
001 r043126
005 20231002073939.1
041 0 |a slo 
044 |a SK 
245 1 0 |a Nové poňatie prehľadu peňažných tokov a jeho význam  |c Otokar Zajko 
520 |a Vymedzenie možností spracovania prehľadu peňažných tokov. Voľba metód spracovania prehľadu peňažných tokov. Čistá priama metóda, modifikovaná priama metóda, nepriama metóda. 
610 2 0 |a cash flow 
610 2 0 |a účtovníctvo 
610 2 0 |a metódy 
100 1 |a Zajko, Otokar